Nuestro Antoniorrobles / (Record no. 13922)

MARC details
000 -LEADER
campo de control de longitud fija 00963nam a2200253 i 4500
001 - NÚMERO DE CONTROL
campo de control 13922
003 - IDENTIFICADOR DE NÚMERO DE CONTROL
campo de control ES-MaACL
005 - FECHA Y HORA DE LA ÚLTIMA TRANSACCIÓN
campo de control 20251009164616.0
007 - CAMPO FIJO DE DESCRIPCIÓN FÍSICA--INFORMACIÓN GENERAL
campo de control de longitud fija t|
008 - DATOS DE LONGITUD FIJA--INFORMACIÓN GENERAL
campo de control de longitud fija 970807s1996 sp a |||| |dspa j
020 ## - NÚMERO INTERNACIONAL ESTÁNDAR DEL LIBRO
Número Internacional Estándar del Libro 84-920672-4-1
080 ## - NÚMERO DE LA CLASIFICACIÓN DECIMAL UNIVERSAL
Número de la Clasificación Decimal Universal 821.134.2 Antoniorrobles 1.06(082.2)
245 00 - MENCIÓN DEL TÍTULO
Título Nuestro Antoniorrobles /
Mención de responsabilidad, etc. selección, edición y bibliografía, Jaime García Padrino.
260 ## - PUBLICACIÓN, DISTRIBUCIÓN, ETC.
Lugar de publicación, distribución, etc. Madrid :
Nombre del editor, distribuidor, etc. Asociación Española de Amigos del Libro Infantil y Juvenil,
Fecha de publicación, distribución, etc. D.L. 1996.
300 ## - DESCRIPCIÓN FÍSICA
Extensión 238 p. :
Otras características físicas il. ;
Dimensiones 21 cm.
490 1# - MENCIÓN DE SERIE
Mención de serie Temas de literatura infantil ;
Designación de volumen o secuencia n. 19
600 07 - PUNTO DE ACCESO ADICIONAL DE MATERIA--NOMBRE DE PERSONA
Nombre de persona Antoniorrobles,
Fechas asociadas al nombre 1897-1983-
Subdivisión de forma Homenajes
Fuente del encabezamiento o término
9 (RLIN) 170087
700 1# - ENTRADA AGREGADA--NOMBRE PERSONAL
Nombre de persona García Padrino, Jaime.
9 (RLIN) 55073
700 0# - ENTRADA AGREGADA--NOMBRE PERSONAL
Nombre de persona Antoniorrobles,
Fechas asociadas al nombre 1897-1983
9 (RLIN) 21991
710 2# - ENTRADA AGREGADA--NOMBRE DE ENTIDAD CORPORATIVA
Nombre de entidad corporativa o nombre de jurisdicción como elemento de entrada Asociación Española de Amigos del Libro Infantil y Juvenil
9 (RLIN) 1642
830 0# - PUNTO DE ACCESO ADICIONAL DE SERIE-TÍTULO UNIFORME
Título uniforme Temas de literatura infantil ;
Designación de volumen o secuencia n. 19
9 (RLIN) 228475
852 ## - LOCALIZACIÓN
Ubicación ES-MaACL
Número de control de estantería L-21227
Holdings
Estatus retirado Estado de pérdida Estado de daño No para préstamo Biblioteca de origen Biblioteca actual Ubicación en estantería Fecha de adquisición Fuente de adquisición Total de préstamos Signatura topográfica completa Código de barras Visto por última vez Precio de reemplazo Tipo de ítem Koha
        Biblioteca del Ateneo de Madrid Biblioteca del Ateneo de Madrid Depósito 2 17/01/2008     L-21227 1014166 23/02/2023 23/02/2023 Libro impreso